000 00247nam a2200097Ia 4500
001 751375
005 20250826164643.0
008 250824s9999 xx 000 0 und d
245 0 _aSIRA DIŞI MESLEKLER
_cASENA MERİÇ
260 _bYEDİVEREN YAYINLARI
999 _c751375
_d751375